000 00642nam a22001697a 4500
005 20231116075813.0
008 231116b |||||||| |||| 00| 0 eng d
020 _a0702146706
041 _aEnglish
082 _a344.1 LAN
100 _aLandman, AA ; Van Niekerk, A and Wesley, M
_lEnglish
245 _aPractice in the Labour Courts :
_bPractice and Procedure in the Labour Court and Labour Appeal Court of South Africa /
_cAA Landman, A van Niekerk and M Wesley
260 _aCape Town :
_bJuta and Company Ltd,
_c1998
300 _bxxxi,
_c26 cm.
650 _aLegal practice
_bLaw
942 _cBK
_6ALISON_BN_VRIES
999 _c710
_d710